|
|
|
|
| LEADER |
01828nam a2200469 i 4500 |
| 001 |
nkc20182987477 |
| 003 |
CZ PrNK |
| 005 |
20180524142628.0 |
| 007 |
ta |
| 008 |
180329s2017 xr ab e f 000 0 cze |
| 020 |
|
|
|a 978-80-87520-31-4
|q (brožováno)
|
| 040 |
|
|
|a BOA001
|b cze
|e rda
|
| 043 |
|
|
|a e-xr---
|b e-xr-jc
|2 czenas
|
| 072 |
|
7 |
|a 639.1
|x Myslivost
|2 Konspekt
|9 24
|
| 080 |
|
|
|a 639.1
|2 MRF
|
| 080 |
|
|
|a 639.1.052.04
|2 MRF
|
| 080 |
|
|
|a 639.123.04.06
|2 MRF
|
| 080 |
|
|
|a 913:338.483.1
|2 MRF
|
| 080 |
|
|
|a (437.31-13)
|2 MRF
|
| 080 |
|
|
|a (036)
|2 MRF
|
| 245 |
0 |
0 |
|a Myslivecké zážitky v jižních Čechách :
|b Jižní Čechy pohodové /
|c text: Jihočeská centrála cestovního ruchu ve spolupráci s turistickými oblastmi regionu
|
| 250 |
|
|
|a První vydání
|
| 264 |
|
1 |
|a České Budějovice :
|b Jihočeský kraj ve spolupráci s Jihočeskou centrálou cestovního ruchu,
|c 2017
|
| 300 |
|
|
|a 34 stran :
|b barevné ilustrace, mapy ;
|c 20 cm
|
| 336 |
|
|
|a text
|b txt
|2 rdacontent
|
| 336 |
|
|
|a statický obraz
|b sti
|2 rdacontent
|
| 337 |
|
|
|a bez média
|b n
|2 rdamedia
|
| 338 |
|
|
|a svazek
|b nc
|2 rdacarrier
|
| 500 |
|
|
|a 3000 výtisků
|
| 650 |
0 |
7 |
|a myslivost
|7 ph115386
|z Česko
|2 czenas
|
| 650 |
0 |
7 |
|a obory (myslivost)
|7 ph255263
|z Česko
|2 czenas
|
| 650 |
0 |
7 |
|a bažantnice
|7 ph118789
|z Česko
|2 czenas
|
| 650 |
0 |
7 |
|a turistické zajímavosti
|7 ph126800
|z Česko
|2 czenas
|
| 651 |
|
7 |
|a Čechy jižní (Česko)
|7 ge131648
|2 czenas
|
| 655 |
|
7 |
|a informační publikace
|7 fd132454
|2 czenas
|
| 710 |
2 |
|
|a Jihočeská centrála cestovního ruchu
|7 kn20040927078
|4 aut
|4 isb
|
| 910 |
2 |
|
|a BOA001
|b 2-1406.693
|
| 928 |
9 |
|
|a Jihočeská centrála cestovního ruchu
|
| 990 |
|
|
|a BK
|
| 995 |
|
|
|a 61
|
| 991 |
|
|
|b 201805
|c NOV
|
| 996 |
6 |
|
|b 2610742042
|c 2-1406.693
|l MZK
|r Sklad / do 1 hodiny
|n 0
|p p.v.
|w 001662844
|u 000010
|a 1
|e BOA001
|j MZK50
|s P
|